Korean places - sudden death - Statistics

General Stats
  • This quiz has been taken 619 times
  • The average score is 16 of 28
Answers on the Grid
Answers color-coded by a green-red scale on the quiz's grid according to % correct below.
Guadalajara
Olympic stadium
Nuku'Alofa
Bangkok
Pyongyang
Kawasaki
Glasgow
Birthplace of Buddha
Gyeongbokgung Palace
Gangnam
Demilitarized Zone
US military base
Incheon
Samsung HQ
A nuke silo
Great Wall of China
Hamhung
Jeju
Busan
Lake Balkhash
Mao's birthplace
World's largest stadium
Nizhny Tagil
Han River
Huế
Daegu
Suwon
A tiger reserve
Taichung
Saransk
H Firstier I'Park
Batna
Taiyuan
Ryugyong Hotel
US WW2 battle site
Gwangju
Ulsan
Daejeon
Goyang
Zhongshan
Land below sea level
Nampo
Chiba
Chateau Nadri vineyard
Nagano
Palawan Island
Sinuiju
Tanta
Seoul
Tshikapa
Shijiazhuang
Tasikmalaya
Seberang Perai
Wonsan Baby Home and Orphanage
 
Answer Stats
Answer % Correct
Busan
88%
Incheon
86%
Pyongyang
86%
Gangnam
82%
Daegu
80%
Jeju
80%
Samsung HQ
80%
Gyeongbokgung Palace
78%
Seoul
77%
Daejeon
70%
Demilitarized Zone
70%
Gwangju
67%
Suwon
65%
Ryugyong Hotel
61%
Han River
59%
Ulsan
58%
Goyang
56%
Camp Humphreys, the largest American military base overseas US military base
54%
Olympic stadium
47%
Wonsan Baby Home and Orphanage
47%
Hamhung
41%
Nampo
34%
A nuke silo
30%
World's largest stadium
28%
A tiger reserve
22%
Sinuiju
17%
Apartment complex in Gangnam H Firstier I'Park
8%
Chateau Nadri vineyard
2%
No matching quizzes found
Score Distribution
Percent of People with Each Score
Percentile by Number Answered
Your Score History
You have not taken this quiz